000 02498cam a22001934a 4500
005 20250605164230.0
008 250528s ||||||||||||||||||||||||d
035 _a20927
020 _a9789603757672
040 _aGR-AtMCL
_bgre
_dGR-AtMCL
_eAACR2
245 1 _aΕισαγωγή στη Συμβουλευτική
260 _bΜεταίχμιο,
_c2005
300 _a728
520 _aΤο βιβλίο αναφέρεται στη θεωρία και πρακτική της συμβουλευτικής και της ψυχοθεραπείας. Εισαγωγή στη Συμβουλευτική, Οι Πολιτισμικές και Ιστορικές Ρίζες της Συμβουλευτικής, Συμβουλευτικές Θεωρίες: Ποικιλία και Σύγκλιση, Θέματα και Ζητήματα της Ψυχοδυναμικής Προσέγγισης στη Συμβουλευτική, Από το Συμπεριφορισμό στον Κονστρουκτιβισμό: Η Γνωσιακή - Συμπεριφοριστική Προσέγγιση στη Συμβουλευτική, Θεωρία και Πρακτική της Προσωποκεντρικής Προσέγγισης, Εργασία Βάσει Συστημάτων, Φεμινιστικές Προσεγγίσεις: Ο Ριζοσπαστισμός της Συμβουλευτικής, Αφηγηματικές Προσεγγίσεις στη Συμβουλευτική: Εργασία Πάνω σε Ιστορίες, Η Πολυπολιτισμικότητα ως Προσέγγιση της Συμβουλευτικής, Φιλοσοφική Συμβουλευτική, Η Συμβουλευτική Σχέση, Η Διαδικασία της Συμβουλευτικής, Η Πολιτική της Συμβουλευτικής: Ενδυνάμωση και Έλεγχος και Διαφορά, Ηθικές Αρχές και Δεοντολογία στην Πρακτική της Συμβουλευτικής, Το Οργανωτικό Πλαίσιο της Συμβουλευτικής, Εναλλακτικοί Τρόποι Παροχής Υπηρεσιών Συμβουλευτικής, Ο Ρόλος της Έρευνας στη Συμβουλευτική και τη Θεραπεία, Οι Δεξιότητες και τα Προσόντα του Αποτελεσματικού Συμβούλου.
700 1 _aMcleod John
_96316
942 _cBK
999 _c6004
_d6004